000 01083nam a2200301 i 4500
001 bg
003 BPK
005 20201014085244.0
008 s1999 pl f f |000 0 pol
040 _cBPK
080 _a621.314
080 _a621.382
080 _a(075.8+076)
245 0 0 _aLaboratorium energoelektroniki /
_cpod red. Piotra Wacha ; aut. Ryszard Beniak [et al.].
250 _aWyd. 2 popr.
260 _aOpole :
_bOficyna Wydawnicza PO,
_c1999.
300 _a159 s. :
_brys., wykr. ;
_c24 cm.
490 1 _aSkrypt / Politechnika Opolska,
_x1427-9932 ;
_vnr 216
504 _aBibliogr. s. 159.
655 _aĆwiczenia i zadania dla szkół wyższych
650 4 _aEnergoelektronika
700 1 _aWach, Piotr
_d(1944- ).
_eRed.
710 2 _a Politechnika Opolska.
_bOficyna Wydawnicza
_4pbl.
700 1 _aBeniak, Ryszard
_eAutor
830 0 _aSkrypt - Politechnika Opolska ;
_vnr 216
942 _cKS
_2UKD
856 _uhttp://koha.tu.koszalin.pl/cgi-bin/koha/opac-detail.pl?biblionumber=37788
_yKatalog online BPK
999 _c37788
_d37788